|
|
|
|
| LEADER |
01076nam a22003012a 4500 |
| 001 |
000962513 |
| 003 |
CZ BrMZK |
| 005 |
20100111115710.0 |
| 007 |
ta |
| 008 |
090825s1962 xr er|||||||||||cze d |
| 015 |
|
|
|a cnb000614422
|
| 035 |
|
|
|a (OCoLC)85469976
|
| 040 |
|
|
|a ABA001
|b cze
|d BOA001
|
| 041 |
1 |
|
|a cze
|h ita
|
| 080 |
9 |
|
|a 850-293:782(43) Mozart, W. A.
|
| 100 |
1 |
|
|a Da Ponte, Lorenzo,
|d 1749-1838
|7 jn19981000548
|4 lbt
|
| 245 |
1 |
0 |
|a Figarova svatba /
|c opera o 4 dějstvích na text Lorenza da Ponte ; z italštiny přeložil Rudolf Vonásek ; hudbu W.A. Mozart
|
| 250 |
|
|
|a 2. vyd.
|
| 260 |
|
|
|a Praha :
|b Státní hudební nakladatelství,
|c 1962
|
| 300 |
|
|
|a 125 s. ;
|c 8°
|
| 490 |
1 |
|
|a Operní libreta. Řada H ;
|v sv. 7
|
| 700 |
1 |
|
|a Mozart, Wolfgang Amadeus,
|d 1756-1791
|7 jn19990005867
|4 cmp
|
| 700 |
1 |
|
|a Vonásek, Rudolf,
|d 1914-1995
|7 jk01150562
|4 trl
|
| 830 |
|
0 |
|a Operní libreta.
|n Řada 2
|
| 910 |
|
|
|a BOA001
|b 1-0479.792
|
| 990 |
|
|
|a BK
|
| 991 |
|
|
|b 200908
|
| 996 |
6 |
|
|b 2619299422
|c 1-0479.792
|l MZK
|r Sklad / do 1 hodiny
|n 4
|w 000962513
|u 000010
|a 1
|e BOA001
|j MZK50
|s P
|